000 00676nam a2200289Ia 4500
005 20260324144856.0
008 008 260324s9999 xx 000 0 eng d
020 _a9781315029672
037 _aEBOOK
040 _aCRL
040 _beng
040 _cCRL
041 _2eng
041 _aeng
084 _qCRL
100 _aFred Holroyd
_91220935
245 0 _aThinking About Nuclear Weapons
245 0 _bAnalyses and Prescriptions
260 _bTaylor and Francis
260 _c1986
365 _a
365 _b80.99
856 _uhttp://www.taylorfrancis.com/books/9781315029672
942 _cEBOOK
999 _c1828104
_d1828104